Симфония на времето (Запис номер 392566)
[ съкратено ]
| 000 -Лидер | |
|---|---|
| Контролно поле с фиксирана дължина | 00910aam a2200253 a 4500 |
| 003 - Код на организацията, давaща контролен номер | |
| Контролно поле | BLK |
| 005 - Дата и час на последна редакция | |
| Контролно поле | 20250107115354.0 |
| 008 - Елементи от данни с фиксирана дължина | |
| fixed length control field | 180928b bul||||| |||| 00| 0 bul d |
| 020 ## - Международен стандартен номер на книга ISBN | |
| Международен стандартен номер на книга ISBN | 9789542833178 |
| 040 ## - Източник на каталожния запис | |
| Идентификатор на билиотеката - собственик на записа | BLK |
| 041 ## - Код за език | |
| Код за езика на текст/звукозапис или на отделно заглавие | Български |
| Код за езика КДБФ | Български |
| 080 ## - УДК | |
| Текстов определител УДК | Испанска литература |
| УДК код - определител по УДК | 821.134.2 |
| УДК определител | (82)-31 |
| УДК - код + определител | 821.134.2(82)-31 |
| 100 ## - Редна дума - Автор | |
| Автор | Арбина, Алваро |
| R(LIN) | 1299 |
| Авторска отговорност | първи автор |
| 139 ## - Редно поле | |
| Редна дума | Арбина, Алваро |
| Авторски знак | Арб - А 81 |
| 245 ## - Сведения за заглавието | |
| Заглавие | Симфония на времето |
| Редно поле (дума) | Алваро Арбина; прев. от исп. Светла Христова |
| 257 ## - Страна на издаване | |
| Страна на създаване/издаване | Испания |
| 260 ## - Област на издателските данни | |
| Име на издателя, разпространителя и проч. | Сиела Норма |
| Година на издаване | 2020 |
| Място на издаване, разпространение и проч. | София |
| 9 (RLIN) | 217021 |
| Издателство - префикс ISBN | 978-954-28- |
| 300 ## - Физическа характеристика | |
| Страници | 559 с. |
| Размери/Мащаб | 20 см |
| 380 ## - Жанр | |
| Жанр | Худож. лит. |
| 700 ## - Други автори (авторска отговорност) | |
| 9 (RLIN) | 966 |
| Лично име | Христова, Светла |
| Автороска отговорност (Описва отношението между автора и произведението) | прев. |
| 852 ## - Местоположение | |
| Фондова буква | Заемна - подръчен фонд |
| Форматна сигнатура | П 821-31/А 81 А |
| 999 ## - СИСТЕМНИ КОНТРОЛНИ НОМЕРА | |
| Koha biblionumber | 392566 |
| Koha biblioitemnumber | 392566 |
| 942 ## - АРТИКУЛИ | |
| Вид на библиотечния материал | Книги |
| Източник на класификационната схема | Universal Decimal Classification |
| Скрит в OPAC | Не |
| Koha issues (borrowed), all copies | 43 |
| Периодичен библиозапис | Да |
| 944 ## - СЪЗДАВАНЕ И РЕДАКЦИЯ на ЗАПИСА | |
| Служител, извършил регистрацията/редакцията | 30530 |
| Статус, дата на статуса | Минев Младен |
| Код за отписване | Код за изгубен артикул | Източник на класификационната схема | Код за повреда | Код за отдаване | Артикулен № | Име на библиотеката - собственик | Име на библиотеката, в която се намира в момента | Статус (Текущо местоположение) | Дата на вписване в системата | Местоположение - отдел | Цена в лева | Систематично азбучна сигнатура | Баркод | Цена в евро | Служебен тип на артикула |
|---|---|---|---|---|---|---|---|---|---|---|---|---|---|---|---|
| Не е изгубен | Universal Decimal Classification | Не е повреден | заемане за дома | 806008 | Регионална библиотека "Любен Каравелов" Русе | Регионална библиотека "Любен Каравелов" Русе | Заемна - подръчен фонд | 2021-01-02 | Заемна - подръчен фонд | 14.93 | 821-31/А 81 А | 120000850351 | 7.63 | Книги | |
| Не е изгубен | Universal Decimal Classification | Не е повреден | заемане за дома | 806009 | Регионална библиотека "Любен Каравелов" Русе | Регионална библиотека "Любен Каравелов" Русе | Заемна - подръчен фонд | 2021-01-02 | Заемна - подръчен фонд | 14.93 | 821-31/А 81 А | 120000850352 | 7.63 | Книги |